|
|
|
|
| LEADER |
00000naa2a2200000 4500 |
| 001 |
612447 |
| 005 |
20231101132716.0 |
| 035 |
|
|
|a (RuTPU)RU\TPU\conf\10569
|
| 035 |
|
|
|a RU\TPU\conf\10568
|
| 090 |
|
|
|a 612447
|
| 100 |
|
|
|a 20150616d2014 k y0rusy50 ca
|
| 101 |
0 |
|
|a rus
|
| 102 |
|
|
|a RU
|
| 105 |
|
|
|a y z 101zy
|
| 135 |
|
|
|a drgn ---uucaa
|
| 181 |
|
0 |
|a i
|
| 182 |
|
0 |
|a b
|
| 200 |
1 |
|
|a Оценка качества поверхностных вод Кемеровской области и возможности их использования для различных целей водопользования
|f Ю. А. Моисеева
|g науч. рук. М. В. Решетько
|
| 203 |
|
|
|a Текст
|c электронный
|
| 225 |
1 |
|
|a Роль воды в развитии жизни Земли и формировании ее минеральных ресурсов
|
| 230 |
|
|
|a 1 компьютерный файл (pdf; 627 Кб)
|
| 300 |
|
|
|a Заглавие с титульного экрана
|
| 320 |
|
|
|a [Библиогр.: с. 85-86 (4 назв.)]
|
| 337 |
|
|
|a Adobe Reader
|
| 463 |
|
0 |
|0 (RuTPU)RU\TPU\conf\10372
|t Творчество юных - шаг в успешное будущее
|o материалы VII Всероссийской научной студенческой конференции с элементами научной школы имени профессора М.К. Коровина, г. Томск, 10-14 ноября 2014 г.
|f Национальный исследовательский Томский политехнический университет (ТПУ) ; под ред. А. Ю. Дмитриева
|v [С. 83-86]
|d 2014
|
| 610 |
1 |
|
|a труды учёных ТПУ
|
| 610 |
1 |
|
|a электронный ресурс
|
| 610 |
1 |
|
|a качество
|
| 610 |
1 |
|
|a поверхностные воды
|
| 610 |
1 |
|
|a Кемеровская область
|
| 610 |
1 |
|
|a водопользование
|
| 700 |
|
1 |
|a Моисеева
|b Ю. А.
|c гидрогеолог
|c инженер Томского политехнического университета
|f 1993-
|g Юлия Александровна
|2 stltpush
|3 (RuTPU)RU\TPU\pers\38021
|
| 702 |
|
1 |
|a Решетько
|b М. В.
|c гидрогеолог
|c доцент Томского политехнического университета, кандидат географических наук
|f 1967-
|g Маргарита Викторовна
|2 stltpush
|4 727
|
| 712 |
0 |
2 |
|a Национальный исследовательский Томский политехнический университет (ТПУ)
|b Институт природных ресурсов (ИПР)
|b Кафедра гидрогеологии, инженерной геологии и гидрогеоэкологии (ГИГЭ)
|h 100
|2 stltpush
|3 (RuTPU)RU\TPU\col\18664
|
| 801 |
|
2 |
|a RU
|b 63413507
|c 20190129
|g RCR
|
| 856 |
4 |
|
|u http://www.lib.tpu.ru/fulltext/c/2015/C66/029.pdf
|
| 942 |
|
|
|c BK
|